Way of Gandhi and Nehru (Record no. 368906)

000 -LEADER
fixed length control field 00377cam a22001337a 4500
008 - FIXED-LENGTH DATA ELEMENTS--GENERAL INFORMATION
fixed length control field 180718b1959 xxu||||| |||| 00| 0 eng d
082 ## - DEWEY DECIMAL CLASSIFICATION NUMBER
Classification number A99 G151/H95
100 ## - MAIN ENTRY--PERSONAL NAME
Personal name Husain, S. Abdi
245 ## - TITLE STATEMENT
Title Way of Gandhi and Nehru
Statement of responsibility, etc. by S. Abid Husain
260 ## - PUBLICATION, DISTRIBUTION, ETC.
Place of publication, distribution, etc. Bombay
Name of publisher, distributor, etc. Asia Pub. House
Date of publication, distribution, etc. 1959
300 ## - PHYSICAL DESCRIPTION
Extent 184p.
500 ## - GENERAL NOTE
General note Rs.12.00
650 ## - SUBJECT ADDED ENTRY--TOPICAL TERM
Topical term or geographic name entry element Gandhi, Mohandas Karamchand, 1869-1948
Holdings
Withdrawn status Lost status Damaged status Not for loan Permanent Location Current Location Date acquired Full call number Barcode Date last seen Price effective from Koha item type
        Indian Institute of Public Administration Indian Institute of Public Administration 1994-05-28 A99 G151/H95 16542 2018-07-21 2018-07-21 Book

Powered by Koha